El matrimonio y su expresion canonica ante el III milenio (Record n. 211575)

Dettagli MARC
000 -LEADER
fixed length control field 01092nam a2200241Ia 4500
001 - CONTROL NUMBER
control field b5560-37081
003 - CONTROL NUMBER IDENTIFIER
control field IT-MiCISF
008 - FIXED-LENGTH DATA ELEMENTS--GENERAL INFORMATION
fixed length control field 161014s9999||||xx |||||||||||||| ||und||
040 ## - CATALOGING SOURCE
Original cataloging agency IT-MiCISF
Transcribing agency IT-MiCISF
041 ## - LANGUAGE CODE
Language code of text/sound track or separate title sp
999 ## - SYSTEM CONTROL NUMBERS (KOHA)
Koha Dewey Subclass [OBSOLETE] si
100 ## - MAIN ENTRY--PERSONAL NAME
Personal name Viladrich Pedro-Juan (a cura di)
240 ## - UNIFORM TITLE
Uniform title El matrimonio y su expresion canonica ante el III milenio
245 #0 - TITLE STATEMENT
Title El matrimonio y su expresion canonica ante el III milenio
Remainder of title X congreso internacional de derecho
250 ## - EDITION STATEMENT
Edition statement 1a ed.
260 ## - PUBLICATION, DISTRIBUTION, ETC. (IMPRINT)
Place of publication, distribution, etc. Pamplona
Name of publisher, distributor, etc. Eunsa
Date of publication, distribution, etc. 2000
300 ## - PHYSICAL DESCRIPTION
Extent pp. XXVII-1572
500 ## - GENERAL NOTE
General note Miras J., Feliciani G., Millan Puelles A., Yanguas J.M., Banares J.I., Viladrich P.J., Escrivà-Ivers J., D'Agostino F., Scola A., Da Silva Pereira A., Etzi P., Martinez Blanco A., Redondo Andres J., Erdò P., Furst C.G., Durand J.P. / matrimonio-sacramento, diritto-canonico, sessualità, antropologia, cheisa-domestica, nullità, separazione, teologia /
650 ## - SUBJECT ADDED ENTRY--TOPICAL TERM
Topical term or geographic name as entry element matrimonio
700 ## - ADDED ENTRY--PERSONAL NAME
Personal name Banares Juan Ignacio (a cura di)
700 ## - ADDED ENTRY--PERSONAL NAME
Personal name Escrivà-Ivars Javier (a cura di)
942 ## - ADDED ENTRY ELEMENTS (KOHA)
Koha item type LIBRO
957 ## -
-- 1
999 ## - SYSTEM CONTROL NUMBERS (KOHA)
-- 1
Dati di copia
Withdrawn status Lost status Damaged status Not for loan Home library Current library Date acquired Total Checkouts Full call number Date last seen Price effective from Koha item type Public note
    Buone Condizioni Not For Loan CISF - Milano CISF - Milano 14/10/2016   b5560-37081 14/10/2016 14/10/2016 LIBRO Data import 15.10.2016 / by Epidotti, Vaglietti
CREDITS: SOCIETA' SAN PAOLO Via A.Severo, 58 - ROMA (RM) & PERIODICI SAN PAOLO SRL Via Giotto, 36 MILANO & CISF Via Giotto, 36 MILANO & EDIZIONI SAN PAOLO SRL,  Piazza Soncino, 5 CINISELLO BALSAMO (MI) -- ITALY